[Event "Monarch Assurance Isle of Man 12th"]
[Site "Port Erin IOM"]
[Date "2003.10.04"]
[Round "8.13"]
[White "Prasad, Devaki V"]
[Black "Wells, Peter K"]
[Result "1/2-1/2"]
[WhiteElo "2407"]
[BlackElo "2481"]
[PlyCount "82"]
[EventDate "2003.09.27"]
[EventType "swiss"]
[EventRounds "9"]
[EventCountry "IOM"]
[SourceTitle "BritBase"]
[SourceDate "2008.07.14"]
[SourceVersion "1"]
[SourceVersionDate "2008.07.14"]
[SourceQuality "2"]

1. d4 Nf6 2. Nf3 d5 3. c4 e6 4. Nc3 dxc4 5. e3 a6 6. a4 c5 7. Bxc4 Nc6 8. O-O
Be7 9. Qe2 cxd4 10. Rd1 e5 11. exd4 exd4 12. Nxd4 Nxd4 13. Qe5 Qd6 14. Qxd4
Qxd4 15. Rxd4 Bc5 16. Rd1 O-O 17. Bg5 Be6 18. Bxe6 fxe6 19. Bxf6 gxf6 20. Ne4
Rac8 21. Rd7 Rf7 22. Rad1 Bb4 23. g3 Rc2 24. Rxf7 Kxf7 25. Rd7+ Kg6 26. Rxb7 a5
27. Rb6 Re2 28. Nd6 Rxb2 29. Nc4 Ra2 30. Rxe6 Rxa4 31. Kg2 Ra2 32. Rb6 Bc5 33.
Rb5 Bxf2 34. Rxa5 Rc2 35. Ra4 Bc5+ 36. Kh1 h5 37. Na5 Rc1+ 38. Kg2 Rc2+ 39. Kh1
Rc1+ 40. Kg2 Rc2+ 41. Kh1 Rc1+ 1/2-1/2

[Event "Monarch Assurance Isle of Man 12th"]
[Site "Port Erin IOM"]
[Date "2003.10.04"]
[Round "8.14"]
[White "Grunberg, Mihai"]
[Black "Kotronias, Vasilios"]
[Result "0-1"]
[WhiteElo "2406"]
[BlackElo "2602"]
[PlyCount "44"]
[EventDate "2003.09.27"]
[EventType "swiss"]
[EventRounds "9"]
[EventCountry "IOM"]
[SourceTitle "BritBase"]
[SourceDate "2008.07.14"]
[SourceVersion "1"]
[SourceVersionDate "2008.07.14"]
[SourceQuality "2"]

1. f4 d5 2. Nf3 g6 3. g3 Bg7 4. Bg2 c5 5. O-O Nc6 6. c3 Nf6 7. Ne5 h5 8. Nxc6
bxc6 9. d3 h4 10. e4 hxg3 11. hxg3 Ng4 12. f5 gxf5 13. exf5 Rg8 14. Na3 Be5 15.
Bf4 Bf6 16. Qa4 Bd7 17. Nc2 Qb6 18. Rab1 c4+ 19. d4 c5 20. Qa3 cxd4 21. Bxd5
d3+ 22. Kg2 dxc2 0-1

[Event "Monarch Assurance Isle of Man 12th"]
[Site "Port Erin IOM"]
[Date "2003.10.04"]
[Round "8.16"]
[White "Pert, Richard"]
[Black "Halkias, Stelios"]
[Result "0-1"]
[WhiteElo "2380"]
[BlackElo "2560"]
[PlyCount "77"]
[EventDate "2003.09.27"]
[EventType "swiss"]
[EventRounds "9"]
[EventCountry "IOM"]
[SourceTitle "BritBase"]
[SourceDate "2008.07.14"]
[SourceVersion "1"]
[SourceVersionDate "2008.07.14"]
[SourceQuality "2"]

1. d4 d5 2. c4 e6 3. Nf3 Nf6 4. Nc3 Be7 5. cxd5 exd5 6. Bg5 c6 7. Qc2 g6 8. e3
Bf5 9. Bd3 Bxd3 10. Qxd3 Nbd7 11. O-O O-O 12. Qc2 Re8 13. Rfc1 a5 14. Bh4 Kg7
15. a3 Ra6 16. Rd1 Nh5 17. Bxe7 Qxe7 18. Rac1 Nhf6 19. Nd2 Ng4 20. Nf3 h5 21.
Na4 Ngf6 22. Nd2 Ra7 23. Re1 Qd6 24. Nc3 Raa8 25. Ne2 Re7 26. Nf4 a4 27. Nd3
Ra7 28. Rf1 Re8 29. h3 Ra5 30. Rce1 Ne4 31. Nf3 Qe6 32. Nfe5 Nxe5 33. Nxe5 Raa8
34. f3 Nd6 35. g4 hxg4 36. hxg4 Rh8 37. Kg2 Rad8 38. Rh1 Rxh1 39. Rxh1 {
both scoresheets illegible ... 84 moves} 0-1

[Event "Monarch Assurance Isle of Man 12th"]
[Site "Port Erin IOM"]
[Date "2003.10.04"]
[Round "8.17"]
[White "Gordon, Stephen J"]
[Black "Pert, Nicholas"]
[Result "0-1"]
[WhiteElo "2216"]
[BlackElo "2483"]
[PlyCount "84"]
[EventDate "2003.09.27"]
[EventType "swiss"]
[EventRounds "9"]
[EventCountry "IOM"]
[SourceTitle "BritBase"]
[SourceDate "2008.07.14"]
[SourceVersion "1"]
[SourceVersionDate "2008.07.14"]
[SourceQuality "2"]

1. c4 Nf6 2. Nf3 c6 3. d4 d5 4. cxd5 cxd5 5. Nc3 Nc6 6. Bf4 a6 7. a3 Bf5 8. e3
Rc8 9. Ne5 e6 10. Nxc6 Rxc6 11. Bd3 Bg6 12. O-O Bd6 13. Bxd6 Qxd6 14. Qd2 O-O
15. Na2 Rfc8 16. Rac1 Bxd3 17. Qxd3 h6 18. f3 Nd7 19. Rxc6 Rxc6 20. Rc1 Nb6 21.
Rxc6 Qxc6 22. b3 Qd6 23. a4 Qa3 24. Qc2 Nxa4 25. Qc8+ Kh7 26. Qc2+ Kg8 27. Qc8+
Kh7 28. Qc2+ f5 29. g4 Qb2 30. Qxb2 Nxb2 31. gxf5 exf5 32. Nc3 f4 33. Nxd5 fxe3
34. Nxe3 Kg6 35. Kg2 Nd3 36. Nc4 Kf6 37. Kg3 Nc1 38. Kf4 Nxb3 39. Ke4 b5 40.
Ne5 a5 41. d5 a4 42. d6 Ke6 0-1

[Event "Monarch Assurance Isle of Man 12th"]
[Site "Port Erin IOM"]
[Date "2003.10.04"]
[Round "8.18"]
[White "Mannion, Stephen"]
[Black "Handke, Florian"]
[Result "0-1"]
[WhiteElo "2339"]
[BlackElo "2476"]
[PlyCount "118"]
[EventDate "2003.09.27"]
[EventType "swiss"]
[EventRounds "9"]
[EventCountry "IOM"]
[SourceTitle "BritBase"]
[SourceDate "2008.07.14"]
[SourceVersion "1"]
[SourceVersionDate "2008.07.14"]
[SourceQuality "2"]

1. d4 Nf6 2. Nf3 e6 3. c3 b6 4. Bg5 Bb7 5. Nbd2 Be7 6. Qc2 d6 7. e4 h6 8. Bxf6
Bxf6 9. O-O-O Nd7 10. h4 g6 11. Bd3 Qe7 12. Qa4 a6 13. e5 Bg7 14. Rhe1 dxe5 15.
dxe5 O-O-O 16. Nb3 b5 17. Qg4 Nc5 18. Nxc5 Qxc5 19. Be4 Bc6 20. Bxc6 Qxc6 21.
Nd4 Qb7 22. Nxe6 fxe6 23. Qxg6 Rdg8 24. Qxe6+ Kb8 25. f4 h5 26. Rd4 Bh6 27.
Red1 Rxg2 28. Kb1 Rgg8 29. a4 Re8 30. Qg6 Ref8 31. f5 Be3 32. Rd5 bxa4 33. e6
Re8 34. Qg3 Bb6 35. Qh3 Rhf8 36. Qd3 Ka7 37. c4 Qc6 38. c5 Ba5 39. Qc4 Qb5 40.
Qc2 Bb4 41. Rd7 Ba5 42. Ka1 a3 43. b4 Qxb4 44. Rb1 Qxh4 45. c6 Rb8 46. Qc5+ Ka8
47. Rb7 Qf6+ 48. Ka2 Rxb7 49. cxb7+ Kxb7 50. Qd5+ Ka7 51. Qc5+ Kb8 52. Qxa3 Bb6
53. Qd3 Rg8 54. Qd2 Rg1 55. e7 Qa1+ 56. Kb3 Rb1+ 57. Kc4 Qa4+ 58. Kd3 Qxd7+ 59.
Kc2 Rb2+ 0-1

[Event "Monarch Assurance Isle of Man 12th"]
[Site "Port Erin IOM"]
[Date "2003.10.04"]
[Round "8.19"]
[White "Kiseleva, Natalia"]
[Black "Jonkman, Harmen"]
[Result "1-0"]
[WhiteElo "2322"]
[BlackElo "2424"]
[PlyCount "121"]
[EventDate "2003.09.27"]
[EventType "swiss"]
[EventRounds "9"]
[EventCountry "IOM"]
[SourceTitle "BritBase"]
[SourceDate "2008.07.14"]
[SourceVersion "1"]
[SourceVersionDate "2008.07.14"]
[SourceQuality "2"]

1. d4 d5 2. c4 dxc4 3. e3 e6 4. Nf3 a6 5. Bxc4 Nf6 6. O-O Nbd7 7. Bb3 c5 8. a4
Qc7 9. Nc3 Bd6 10. h3 O-O 11. Qe2 b6 12. Rd1 Bb7 13. d5 exd5 14. Nxd5 Bxd5 15.
Bxd5 Nxd5 16. Rxd5 Nf6 17. Rd1 Ne4 18. Nd2 Bh2+ 19. Kh1 Nxd2 20. Bxd2 {(=)} Be5
21. Bc3 Rfe8 22. Rd5 Bxc3 23. bxc3 Qc6 24. Qd2 Re6 25. c4 g6 26. Qc2 Rd6 27. e4
Re8 28. a5 Rde6 29. f3 Rc8 30. axb6 Qxb6 31. e5 Rb8 32. f4 Qb4 33. Kh2 Rc6 34.
Rad1 Kg7 35. f5 gxf5 36. Qxf5 Qxc4 37. Rd6 Rxd6 38. Rxd6 Qh4 39. g3 Rb2+ 40.
Kh1 Qe7 41. Rd7 Rb1+ 42. Kg2 Rb2+ 43. Kf1 Rb1+ 44. Ke2 Rb2+ 45. Kd1 Qxd7+ 46.
Qxd7 Rb6 47. Qc7 Rh6 48. h4 Rg6 49. g4 h6 50. h5 Re6 51. Qxc5 Re8 52. Kd2 Re6
53. Kd3 Re8 54. Kd4 Rd8+ 55. Ke4 Re8 56. Kd5 Re6 57. Qa7 Kg8 58. Qc7 Kf8 59.
Qc8+ Kg7 60. Qxe6 fxe6+ 61. Kxe6 1-0

[Event "Monarch Assurance Isle of Man 12th"]
[Site "Port Erin IOM"]
[Date "2003.10.04"]
[Round "8.20"]
[White "Zatonskih, Anna"]
[Black "Cioara, Andrei N"]
[Result "1-0"]
[WhiteElo "2423"]
[BlackElo "2394"]
[PlyCount "89"]
[EventDate "2003.09.27"]
[EventType "swiss"]
[EventRounds "9"]
[EventCountry "IOM"]
[SourceTitle "BritBase"]
[SourceDate "2008.07.14"]
[SourceVersion "1"]
[SourceVersionDate "2008.07.14"]
[SourceQuality "2"]

1. e4 e6 2. d4 d5 3. Nd2 Nf6 4. e5 Nfd7 5. c3 c5 6. Bd3 Nc6 7. Ne2 cxd4 8. cxd4
f6 9. exf6 Qxf6 10. Nf3 h6 11. O-O Bd6 12. Ng3 O-O 13. Bc2 Rd8 14. Re1 Nf8 15.
Ne5 Qh4 16. Nf3 Qf6 17. Ne5 Qh4 18. f4 Bxe5 19. dxe5 b6 20. Be3 Ba6 21. Qf3 Nb4
22. Bb1 Rac8 23. f5 Nc2 24. Bxc2 Rxc2 25. fxe6 Nxe6 26. Nf5 Qe4 27. Qh3 Rxg2+
28. Qxg2 Qxf5 29. Bxh6 Bd3 30. Qg3 Be4 31. Rf1 Qh7 32. Bg5 Re8 33. Rf2 d4 34.
Raf1 d3 35. Be3 Qh5 36. h3 Rd8 37. Kh2 Rd5 38. Rg1 Rxe5 39. Rf6 Ng5 40. Bxg5
Rxg5 41. Qxg5 Qe2+ 42. Kg3 d2 43. Kh4 Qe1+ 44. Qg3 g5+ 45. Kxg5 1-0

[Event "Monarch Assurance Isle of Man 12th"]
[Site "Port Erin IOM"]
[Date "2003.10.04"]
[Round "8.21"]
[White "Devereaux, Max"]
[Black "Lane, Gary W"]
[Result "1/2-1/2"]
[WhiteElo "2329"]
[BlackElo "2412"]
[PlyCount "82"]
[EventDate "2003.09.27"]
[EventType "swiss"]
[EventRounds "9"]
[EventCountry "IOM"]
[SourceTitle "BritBase"]
[SourceDate "2008.07.14"]
[SourceVersion "1"]
[SourceVersionDate "2008.07.14"]
[SourceQuality "2"]

1. e4 e5 2. Nf3 Nc6 3. d4 exd4 4. Nxd4 Bc5 5. Be3 Qf6 6. c3 Qg6 7. Nd2 Nge7 8.
g3 Bxd4 9. cxd4 d5 10. Bg2 dxe4 11. Nxe4 O-O 12. O-O Rd8 13. Qb3 Nf5 14. d5
Nxe3 15. Qxe3 Nb4 16. Nc3 Bf5 17. Qf4 c5 18. dxc6 Nxc6 19. Rfd1 h5 20. Qc7 Rdc8
21. Qf4 Qg4 22. Qxg4 Bxg4 23. Rd5 g6 24. h3 Be6 25. Rb5 Rab8 26. Rd1 b6 27. Rd6
a6 28. Rg5 Ne7 29. Re5 Rd8 30. Rxd8+ Rxd8 31. Re2 Nf5 32. b3 b5 33. Ne4 Rd1+
34. Kh2 Nd4 35. Rd2 Rxd2 36. Nxd2 a5 37. Be4 a4 38. bxa4 bxa4 39. a3 Bb3 40.
Bd3 Kf8 41. f4 Ke7 1/2-1/2

[Event "Monarch Assurance Isle of Man 12th"]
[Site "Port Erin IOM"]
[Date "2003.10.04"]
[Round "8.22"]
[White "Bentley, John"]
[Black "Emms, John"]
[Result "1/2-1/2"]
[WhiteElo "2211"]
[BlackElo "2520"]
[PlyCount "63"]
[EventDate "2003.09.27"]
[EventType "swiss"]
[EventRounds "9"]
[EventCountry "IOM"]
[SourceTitle "BritBase"]
[SourceDate "2008.07.14"]
[SourceVersion "1"]
[SourceVersionDate "2008.07.14"]
[SourceQuality "2"]

1. d4 Nf6 2. c4 e6 3. Nc3 Bb4 4. Bg5 c5 5. d5 d6 6. e3 Bxc3+ 7. bxc3 Qe7 8. Bd3
Nbd7 9. Ne2 exd5 10. cxd5 Qe5 11. Bxf6 Nxf6 12. e4 O-O 13. f3 Nh5 14. O-O f5
15. f4 Qe8 16. exf5 Bxf5 17. Qd2 Qg6 18. Bxf5 Qxf5 19. Rae1 Rae8 20. Ng3 Nxg3
21. hxg3 b5 22. Qd1 h5 23. Kf2 a6 24. Rh1 g6 25. Qd2 Kf7 26. Re6 Rxe6 27. dxe6+
Ke7 28. Rd1 Rd8 29. Re1 c4 30. Re3 Qc5 31. Qc2 Qf5 32. Qd2 1/2-1/2

[Event "Monarch Assurance Isle of Man 12th"]
[Site "Port Erin IOM"]
[Date "2003.10.04"]
[Round "8.23"]
[White "Hunt, Harriet"]
[Black "Gabrielsen, Trond"]
[Result "1-0"]
[WhiteElo "2402"]
[BlackElo "2228"]
[PlyCount "69"]
[EventDate "2003.09.27"]
[EventType "swiss"]
[EventRounds "9"]
[EventCountry "IOM"]
[SourceTitle "BritBase"]
[SourceDate "2008.07.14"]
[SourceVersion "1"]
[SourceVersionDate "2008.07.14"]
[SourceQuality "2"]

1. e4 c5 2. Nf3 Nc6 3. Bb5 g6 4. Bxc6 dxc6 5. d3 Bg7 6. Nc3 Bg4 7. h3 Bxf3 8.
Qxf3 e5 9. O-O Nf6 10. Be3 Qe7 11. a3 a5 12. a4 Nd7 13. Qg3 Rd8 14. Nb1 Nf8 15.
Bg5 f6 16. Bd2 b6 17. f4 exf4 18. Bxf4 Ne6 19. Na3 Nxf4 20. Qxf4 O-O 21. Nc4 f5
22. e5 Rfe8 23. Rfe1 Qc7 24. Re2 Re6 25. Rae1 Rd4 26. Qg3 Qd8 27. b3 Rd5 28.
Kh1 b5 29. Nd2 Qb8 30. Nf3 h6 31. Qf4 Qd8 32. h4 Qe8 33. Re3 Qf7 34. c4 bxa4
35. cxd5 1-0

[Event "Monarch Assurance Isle of Man 12th"]
[Site "Port Erin IOM"]
[Date "2003.10.04"]
[Round "8.24"]
[White "Williams, Simon K"]
[Black "Allen, Keith"]
[Result "1-0"]
[WhiteElo "2381"]
[BlackElo "2224"]
[PlyCount "67"]
[EventDate "2003.09.27"]
[EventType "swiss"]
[EventRounds "9"]
[EventCountry "IOM"]
[SourceTitle "BritBase"]
[SourceDate "2008.07.14"]
[SourceVersion "1"]
[SourceVersionDate "2008.07.14"]
[SourceQuality "2"]

1. d4 f5 2. Bg5 g6 3. Nd2 Bg7 4. e3 Nf6 5. h4 d6 6. Be2 h6 7. Bxf6 Bxf6 8. g4
e5 9. dxe5 dxe5 10. h5 Qd5 11. e4 fxe4 12. Bc4 Qd7 13. Nxe4 Qxd1+ 14. Rxd1 Ke7
15. f3 Nc6 16. hxg6 Nd4 17. c3 Be6 18. Bxe6 Nxe6 19. Ne2 Rag8 20. N2g3 Rxg6 21.
Nf5+ Ke8 22. Rd5 Kf7 23. Kf2 b6 24. b4 a6 25. a4 Rh7 26. Rd7+ Kg8 27. Rhd1 Rxd7
28. Rxd7 Bg5 29. Nxg5 Rxg5 30. Nxh6+ Kf8 31. Nf7 Rg7 32. Nxe5 Rxd7 33. Nxd7+
Ke7 34. Nb8 1-0

[Event "Monarch Assurance Isle of Man 12th"]
[Site "Port Erin IOM"]
[Date "2003.10.04"]
[Round "8.25"]
[White "Bae, Torstein"]
[Black "Timmermans, Ivo"]
[Result "1-0"]
[WhiteElo "2366"]
[BlackElo "2213"]
[PlyCount "71"]
[EventDate "2003.09.27"]
[EventType "swiss"]
[EventRounds "9"]
[EventCountry "IOM"]
[SourceTitle "BritBase"]
[SourceDate "2008.07.14"]
[SourceVersion "1"]
[SourceVersionDate "2008.07.14"]
[SourceQuality "2"]

1. e4 e6 2. d4 d5 3. Nc3 Bb4 4. Nge2 dxe4 5. a3 Bxc3+ 6. Nxc3 Nc6 7. Be3 Nf6 8.
Qd2 O-O 9. O-O-O e5 10. d5 Nd4 11. Bxd4 exd4 12. Qxd4 Re8 13. h3 Qd6 14. g4 Bd7
15. Bg2 Re7 16. Rd2 Qf4 17. Nd1 h5 18. Qb4 Nxd5 19. Qxb7 Nb6 20. Ne3 Rae8 21.
Qa6 Qe5 22. Rhd1 hxg4 23. hxg4 Re6 24. Rd4 Qf6 25. Qe2 Bc8 26. b4 Na4 27. Nd5
Qe5 28. Bxe4 c6 29. f4 Qb8 30. Qd3 cxd5 31. Bxd5 Ba6 32. Qb3 Qb5 33. Bxe6 fxe6
34. f5 Qe5 35. Qxa4 Be2 36. Qxe8+ 1-0

[Event "Monarch Assurance Isle of Man 12th"]
[Site "Port Erin IOM"]
[Date "2003.10.04"]
[Round "8.26"]
[White "Valaker, Ole J"]
[Black "Molander, Riku"]
[Result "1-0"]
[WhiteElo "2207"]
[BlackElo "2324"]
[PlyCount "133"]
[EventDate "2003.09.27"]
[EventType "swiss"]
[EventRounds "9"]
[EventCountry "IOM"]
[SourceTitle "BritBase"]
[SourceDate "2008.07.14"]
[SourceVersion "1"]
[SourceVersionDate "2008.07.14"]
[SourceQuality "2"]

1. d4 d5 2. Nf3 Nf6 3. Bg5 Ne4 4. Bf4 Bf5 5. e3 e6 6. c4 g5 7. Bg3 Bb4+ 8. Nfd2
h5 9. cxd5 exd5 10. Qa4+ Nc6 11. Bb5 Bd7 12. f3 Nxg3 13. hxg3 Qe7 14. Kf2 O-O-O
15. Nc3 Qd6 16. Nf1 a6 17. Bxc6 Bxc6 18. Qc2 h4 19. Qf5+ Kb8 20. a3 Bxc3 21.
bxc3 f6 22. gxh4 Bd7 23. Qb1 gxh4 24. Qb4 Qe6 25. Rb1 Bc8 26. c4 dxc4 27. a4
Rd6 28. Nd2 Qg8 29. Rbg1 Rc6 30. e4 c3 31. d5 Qg3+ 32. Ke2 a5 33. Qd4 Rd8 34.
Nc4 c2 35. Nxa5 c1=R 36. Rxc1 Qxg2+ 37. Qf2 Qxf2+ 38. Kxf2 Ra6 39. Rc5 h3 40.
Rb1 Rg8 41. Nc6+ Ka8 42. Ne7 Rg2+ 43. Ke3 h2 44. Rxc7 Rg1 45. Rxc8+ Ka7 46. Rh8
Rxb1 47. Rxh2 Rxa4 48. d6 Rb3+ 49. Kf4 Rd3 50. Rh6 b5 51. Rxf6 b4 52. Rf5 b3
53. Rb5 Ka6 54. Rb8 Rc4 55. Ke5 Ka7 56. Rb5 Ka6 57. Rb8 Ka7 58. Rb5 Ka6 59. Rd5
Rxd5+ 60. Nxd5 Rc8 61. d7 Rd8 62. Kd6 b2 63. Nc3 Ka5 64. e5 Kb4 65. Nb1 Kb3 66.
e6 Kc2 67. e7 1-0

[Event "Monarch Assurance Isle of Man 12th"]
[Site "Port Erin IOM"]
[Date "2003.10.04"]
[Round "8.27"]
[White "Porat, Ido"]
[Black "Grant, Alan"]
[Result "0-1"]
[WhiteElo "2147"]
[BlackElo "2270"]
[PlyCount "128"]
[EventDate "2003.09.27"]
[EventType "swiss"]
[EventRounds "9"]
[EventCountry "IOM"]
[SourceTitle "BritBase"]
[SourceDate "2008.07.14"]
[SourceVersion "1"]
[SourceVersionDate "2008.07.14"]
[SourceQuality "2"]

1. d4 Nf6 2. c4 e6 3. Nf3 Bb4+ 4. Nbd2 O-O 5. a3 Bxd2+ 6. Qxd2 a5 7. b3 d6 8.
g3 b6 9. Bg2 Bb7 10. O-O Nbd7 11. Bb2 Qe7 12. Rfd1 Rfe8 13. Bh3 a4 14. b4 Bxf3
15. exf3 d5 16. c5 b5 17. Re1 c6 18. Bf1 g6 19. Kg2 Qf8 20. Bd3 h5 21. h3 Kh7
22. Rg1 Qh6 {(=)} 23. Qc2 Rh8 24. Bc1 Qg7 25. Bg5 Rae8 26. Rae1 Ng8 27. g4 Ngf6
28. Bd2 Kg8 29. Bc3 Kf8 30. Kf1 hxg4 31. hxg4 Rh4 32. Kg2 Ke7 33. Rh1 Reh8 34.
Rxh4 Rxh4 35. Rh1 Rxh1 36. Kxh1 Nh7 37. Qc1 Ndf8 38. Qf4 e5 39. dxe5 Ne6 40.
Qe3 Nhg5 41. Kg1 {(=)} Qh6 42. Kf1 Qh1+ 43. Ke2 Nh3 44. Kd2 Nhf4 45. Kc2 Qg2
46. Be1 Qxf3 47. Bf1 Qxg4 48. f3 Qf5+ 49. Kc1 d4 50. Qe4 Qxe4 51. fxe4 g5 52.
Kb2 Ng7 53. Bf2 Nge6 54. Bg1 Ng6 55. Bh2 Nef4 56. Bg1 d3 57. Bd4 Ke6 58. Be3
Nxe5 59. Bf2 Nc4+ 60. Kc3 Nxa3 61. Be3 Nc4 62. Bd4 Ne2+ 63. Kxd3 Nxd4 64. Kxd4
a3 0-1

[Event "Monarch Assurance Isle of Man 12th"]
[Site "Port Erin IOM"]
[Date "2003.10.04"]
[Round "8.28"]
[White "Coathup, Roger"]
[Black "Daly, Colm"]
[Result "0-1"]
[WhiteElo "2134"]
[BlackElo "2355"]
[PlyCount "64"]
[EventDate "2003.09.27"]
[EventType "swiss"]
[EventRounds "9"]
[EventCountry "IOM"]
[SourceTitle "BritBase"]
[SourceDate "2008.07.14"]
[SourceVersion "1"]
[SourceVersionDate "2008.07.14"]
[SourceQuality "2"]

1. d4 g6 2. c4 Bg7 3. Nc3 d6 4. e4 Nf6 5. Be2 O-O 6. Bg5 c5 7. d5 h6 8. Bf4 Na6
9. Nf3 Nc7 10. O-O a6 11. a4 Nfe8 12. a5 e5 13. Bd2 f5 14. Ne1 Nf6 15. f3 Nce8
16. Nd3 Rf7 17. Nf2 h5 18. Na4 Rb8 19. Nb6 f4 20. b4 Nd7 21. Nxc8 Qxc8 22. Rb1
Bf6 23. Nd3 Bd8 24. Qa4 Nef6 25. Rb2 g5 26. Rfb1 g4 27. Qa3 Rg7 28. Kh1 Nh7 29.
bxc5 dxc5 30. Bc3 Bc7 31. Nxc5 Bd6 32. Bxe5 Nxe5 0-1

[Event "Monarch Assurance Isle of Man 12th"]
[Site "Port Erin IOM"]
[Date "2003.10.04"]
[Round "8.29"]
[White "Ryan, Joseph"]
[Black "Moes, Waldemar"]
[Result "1-0"]
[WhiteElo "2291"]
[BlackElo "2027"]
[PlyCount "57"]
[EventDate "2003.09.27"]
[EventType "swiss"]
[EventRounds "9"]
[EventCountry "IOM"]
[SourceTitle "BritBase"]
[SourceDate "2008.07.14"]
[SourceVersion "1"]
[SourceVersionDate "2008.07.14"]
[SourceQuality "2"]

1. e4 c5 2. Nf3 Nc6 3. d4 cxd4 4. Nxd4 g6 5. Nc3 Bg7 6. Nde2 Nf6 7. g3 O-O 8.
Bg2 d6 9. O-O Bd7 10. h3 Rc8 11. Bg5 Re8 12. Nd5 Nxd5 13. exd5 Na5 14. c3 Qb6
15. Qc1 Bb5 16. Re1 Qa6 17. Qc2 Bd3 18. Qd2 Bf5 19. b3 b5 20. Rac1 Bf6 21. Nd4
Bd7 22. Qf4 Kg7 23. Bh6+ Kg8 24. Re3 Qb6 25. Rce1 Be5 26. Qh4 b4 27. Nf3 Rxc3
28. Nxe5 Rxe3 29. Bxe3 1-0

[Event "Monarch Assurance Isle of Man 12th"]
[Site "Port Erin IOM"]
[Date "2003.10.04"]
[Round "8.30"]
[White "Bjarnason, Oskar"]
[Black "Fossum, Oystein Boyum"]
[Result "0-1"]
[WhiteElo "2261"]
[BlackElo "2090"]
[PlyCount "72"]
[EventDate "2003.09.27"]
[EventType "swiss"]
[EventRounds "9"]
[EventCountry "IOM"]
[SourceTitle "BritBase"]
[SourceDate "2008.07.14"]
[SourceVersion "1"]
[SourceVersionDate "2008.07.14"]
[SourceQuality "2"]

1. e4 c5 2. Nf3 g6 3. Nc3 Bg7 4. d4 cxd4 5. Nxd4 Nc6 6. Be3 Nf6 7. Bc4 O-O 8.
Bb3 a5 9. O-O a4 10. Nxa4 Nxe4 11. c3 d6 12. Nb5 Ra6 13. Qe2 Bd7 14. c4 Nf6 15.
c5 Ng4 16. cxd6 exd6 17. Nxd6 Nce5 18. Rfd1 Qh4 19. Bf4 Bxa4 20. h3 Bxb3 21.
axb3 Rxa1 22. Rxa1 Qf6 23. Bxe5 Qxe5 24. Qxe5 Nxe5 25. Nxb7 Nd3 26. Rd1 Nxb2
27. Rd7 Bf6 28. b4 Re8 29. b5 Re7 30. Nc5 Re1+ 31. Kh2 Re5 32. Rc7 Rd5 33. Nd7
Bd8 34. Rc8 Rxd7 35. b6 Kg7 36. b7 Rxb7 0-1

[Event "Monarch Assurance Isle of Man 12th"]
[Site "Port Erin IOM"]
[Date "2003.10.04"]
[Round "8.31"]
[White "Hutchinson, Paul A"]
[Black "Horton, E Justin"]
[Result "1-0"]
[WhiteElo "2255"]
[BlackElo "2120"]
[PlyCount "80"]
[EventDate "2003.09.27"]
[EventType "swiss"]
[EventRounds "9"]
[EventCountry "IOM"]
[SourceTitle "BritBase"]
[SourceDate "2008.07.14"]
[SourceVersion "1"]
[SourceVersionDate "2008.07.14"]
[SourceQuality "2"]

1. e4 e5 2. Bc4 Nf6 3. d3 Nc6 4. Nc3 Bb4 5. Bg5 Bxc3+ 6. bxc3 h6 7. Bd2 O-O 8.
Ne2 Na5 9. Bb3 Nxb3 10. axb3 d5 11. exd5 Qxd5 12. O-O b6 13. c4 Qc6 14. Ng3 Bb7
15. f3 h5 16. Qe2 Rfe8 17. Bg5 Nh7 18. Bd2 Qg6 19. Qf2 f5 20. Rae1 h4 21. Ne2
h3 22. Qg3 Qxg3 23. Nxg3 hxg2 24. Kxg2 g6 25. Bc3 e4 26. dxe4 fxe4 27. Nxe4
Bxe4 28. Rxe4 Rxe4 29. fxe4 Re8 30. Rf4 Ng5 31. e5 Ne6 32. Rf2 Ng5 33. Re2 Kf7
34. Kg3 Ke6 35. Kg4 Nf7 36. Rf2 Nh6+ 37. Kg5 Nf7+ 38. Kxg6 Rg8+ 39. Kh7 Rh8+
40. Kg7 Nxe5 1-0

[Event "Monarch Assurance Isle of Man 12th"]
[Site "Port Erin IOM"]
[Date "2003.10.04"]
[Round "8.32"]
[White "Stubberud, Ornulf"]
[Black "Radovanovic, Jovica"]
[Result "0-1"]
[WhiteElo "1965"]
[BlackElo "2239"]
[PlyCount "64"]
[EventDate "2003.09.27"]
[EventType "swiss"]
[EventRounds "9"]
[EventCountry "IOM"]
[SourceTitle "BritBase"]
[SourceDate "2008.07.14"]
[SourceVersion "1"]
[SourceVersionDate "2008.07.14"]
[SourceQuality "2"]

1. e4 e5 2. Nf3 Nc6 3. Bb5 Nf6 4. O-O Nxe4 5. d4 Nd6 6. Bxc6 dxc6 7. dxe5 Nf5
8. Qe2 Nd4 9. Nxd4 Qxd4 10. Kh1 Bf5 11. Nc3 Bb4 12. Nd1 Qe4 13. Ne3 Bc5 14. f4
Bxe3 15. Bxe3 Qxc2 16. Qxc2 Bxc2 17. Rac1 Bf5 18. Rfd1 Rd8 19. Kg1 Rxd1+ 20.
Rxd1 Ke7 21. Kf2 h5 22. Rd4 b6 23. Ra4 a5 24. Rd4 c5 25. Rd1 Ke6 26. Bc1 c4 27.
Rd4 Bd3 28. Bd2 a4 29. a3 f6 30. exf6 gxf6 31. Kf3 f5 32. Bc3 Rg8 0-1

[Event "Monarch Assurance Isle of Man 12th"]
[Site "Port Erin IOM"]
[Date "2003.10.04"]
[Round "8.33"]
[White "Porat, David"]
[Black "Egeland, Marte"]
[Result "1-0"]
[WhiteElo "2235"]
[BlackElo "1990"]
[PlyCount "93"]
[EventDate "2003.09.27"]
[EventType "swiss"]
[EventRounds "9"]
[EventCountry "IOM"]
[SourceTitle "BritBase"]
[SourceDate "2008.07.14"]
[SourceVersion "1"]
[SourceVersionDate "2008.07.14"]
[SourceQuality "2"]

1. d4 Nf6 2. c4 e6 3. Nf3 Bb4+ 4. Nbd2 c5 5. g3 O-O 6. Bg2 Nc6 7. dxc5 Bxc5 8.
O-O b6 9. Nb3 Be7 10. Nfd4 Bb7 11. Nxc6 Bxc6 12. Bxc6 dxc6 13. Bf4 Qc8 14. Qc2
Rd8 15. Rfd1 Qb7 16. Rxd8+ Rxd8 17. Rd1 c5 18. Rxd8+ Bxd8 19. Qd3 Qd7 20. Nc1
Qxd3 21. Nxd3 Nd7 22. f3 Bf6 23. b3 Kf8 24. e4 Bd4+ 25. Kf1 e5 26. Bd2 Ke7 27.
Ke2 Nb8 28. b4 Nc6 29. b5 Nb8 30. f4 Nd7 31. a4 f6 32. f5 Nf8 33. g4 Nd7 34. h4
h6 35. Kf3 Kf7 36. g5 hxg5 37. hxg5 Nf8 38. Kg4 Ke7 39. Kh5 Kf7 40. g6+ Kg8 41.
a5 Nd7 42. a6 Nf8 43. Nc1 Nd7 44. Nb3 Nb8 45. Na5 bxa5 46. Bxa5 Bb2 47. Bc7 1-0